Inovatívne koncepty v územných samosprávnych celkoch (inovácie, indikátory, implementácie)

Posilňovanie samosprávneho riadenia spoločnosti rozšírením kompetencií územnej samosprávy. Uplatňovanie inovatívnych konceptov v činnosti územnej samosprávy predstavuje implementáciu inštitucionálno-organizačných inovácií, kde územná samospráva vystupuje ako objekt daných procesov. Výsledky výskumu...

Descrizione completa

Salvato in:
Dettagli Bibliografici
Autore principale: Žárska, Elena, 1955-
Natura: Capitolo di libro
Lingua:slovacco
Soggetti:
Tags: Aggiungi Tag
Nessun Tag, puoi essere il primo ad aggiungerne!!

MARC

LEADER 00000nla$a2200000$$$4500
001 0145402
005 20240502072621.2
041 0 |a slo 
044 |a SK 
245 1 0 |a Inovatívne koncepty v územných samosprávnych celkoch (inovácie, indikátory, implementácie)  |c Elena Žárska 
520 |a Posilňovanie samosprávneho riadenia spoločnosti rozšírením kompetencií územnej samosprávy. Uplatňovanie inovatívnych konceptov v činnosti územnej samosprávy predstavuje implementáciu inštitucionálno-organizačných inovácií, kde územná samospráva vystupuje ako objekt daných procesov. Výsledky výskumu realizovaného dotazníkovou metódou. 
610 2 0 |a samospráva 
610 2 0 |a samospráva miestna 
610 2 0 |a plánovanie finančné 
610 2 0 |a manažment verejnej správy 
610 2 0 |a benchmarking 
610 2 0 |a inovácia 
610 2 0 |a informatizácia 
610 2 0 |a dotazníky 
610 2 0 |a prieskum 
100 1 |a Žárska, Elena, 1955-